00472cam a2200181 a 45000010009000000050017000090080041000260100017000670200015000840400013000990410008001120430012001200800011001320820011001431000007001541010008001612450121001691222081020180307043434.0001102s2000 ctua f 001 0 eng  a 00710706  a0872597970 aDLCcDLC aeng an-us--- a62 WOL a62 WOL a27 aMEK00aNow you're talking! :cedited by Larry D. Wolfgang, Joel P. Kleinman ; production staff, David Pingree ... [et al.].